Literature Analysis of Triple Bottom Line Factors in Achieving Supply Chain Sustainability / (Record no. 527960)

000 -LEADER
fixed length control field 00389nam a22001217a 4500
082 ## - DEWEY DECIMAL CLASSIFICATION NUMBER
Classification number 658
245 ## - TITLE STATEMENT
Title Literature Analysis of Triple Bottom Line Factors in Achieving Supply Chain Sustainability /
Statement of responsibility, etc. Anum Ghaffar Rana.
260 ## - PUBLICATION, DISTRIBUTION, ETC.
Name of publisher, distributor, etc. NBS - NUST,
942 ## - ADDED ENTRY ELEMENTS (KOHA)
Source of classification or shelving scheme
Koha item type Thesis
650 ## - SUBJECT ADDED ENTRY--TOPICAL TERM
Topical term or geographic name entry element MBA Thesis.
700 ## - ADDED ENTRY--PERSONAL NAME
Personal name Mr. Kamran Khalid.
650 ## - SUBJECT ADDED ENTRY--TOPICAL TERM
-- 17629
700 ## - ADDED ENTRY--PERSONAL NAME
-- 17555
Holdings
Withdrawn status Lost status Source of classification or shelving scheme Damaged status Not for loan Permanent Location Current Location Shelving location Date acquired Full call number Barcode Date last seen Price effective from Koha item type
          Central Library (CL) Central Library (CL) Thesis 08/23/2019 658 CL-T-2418 08/23/2019 08/23/2019 Thesis
© 2023 Central Library, National University of Sciences and Technology. All Rights Reserved.